000 00684nam a2200229 a 4500
999 _c8012
_d8012
003 PK-NaQUE
005 20260325143119.0
008 260325b ||||| |||| 00| 0 eng d
020 _a1423901231 (hardcover)
020 _a9781423901235 (hardcover)
040 _cQUEST
100 1 _aTymann, Paul T.
245 1 0 _aModern Software Development Using Java /
250 _a2nd ed.
260 _a[S.l.] :
_bCourse Technology,
_c2007.
300 _a960 p. ;
650 _aComputer software--Development
650 _aJava (Computer program language)
700 1 _aSchneider, G.Michael.
856 4 0 _uhttp://10.10.170.122:8080/browse/book/29394
_yDownload eBook
942 _cBK
_2ddc